| 000 | 00906cam a2200277 4500 | ||
|---|---|---|---|
| 999 |
_c128023 _d128023 |
||
| 001 | 4572065 | ||
| 003 | ARRUPE | ||
| 005 | 20180903104000.0 | ||
| 008 | 740131s1973 onc b 000 0 eng | ||
| 010 | _a 74150682 | ||
| 015 | _aC*** | ||
| 040 |
_aDLC _cDLC _dDLC |
||
| 041 | 1 | _aenglat | |
| 050 | 0 | 0 |
_aBX1300 _b.P4713 |
| 082 | 0 | 0 | _a270.5 |
| 100 | 1 |
_aPetrarca, Francesco, _d1304-1374. _941773 |
|
| 240 | 1 | 0 |
_aLiber sine nomine. _lEnglish |
| 245 | 1 | 0 |
_aPetrarch's Book without a name: _ba translation of the Liber sine nomine, _c/ by Norman P. Zacour. |
| 260 |
_aToronto, _bThe Pontifical Institute of Mediaeval Studies, _c1973. |
||
| 300 |
_a128 p. _c20 cm. |
||
| 504 | _aBibliography: p. [123] | ||
| 650 | 0 |
_aPapacy _xHistory _y1309-1378. _941774 |
|
| 700 | 1 |
_aZacour, Norman P., _etr. _941775 |
|
| 740 | 0 | _aBook without a name. | |
| 906 |
_a7 _bcbc _corignew _d4 _encip _f19 _gy-gencatlg |
||
| 942 |
_2lcc _cMONOGRAPH |
||